GCSE History - Henry VIII and his ministers - Thomas Wolsey - Statistics

General Stats
  • This quiz has been taken 302 times
  • The average score is 11 of 31
Answer Stats
Hint Answer % Correct
What year does Wolsey become Lord Chancellor? 1515
67%
Which treaty in 1518 agrees peace between England, France and Spain? Treaty of London
61%
What were Henry's 7 levels of Government? The King
57%
A failed tax reform that was not passed through parliament, thus leading to rebellion(1525). Amicable Grant
55%
What were the 4 main reasons for Wolsey's fall from power?(AABC) Amicable Grant
55%
Who does Charles V capture in 1527? The Pope
52%
What year is Thomas Wolsey executed? 1530
47%
What year was the Triple Offensive agreed upon between England, Spain and Duke of Bourbon to march upon Paris? 1523
46%
What becomes the focus of English foreign policy in 1527? Henry's annulment
46%
Annulment
43%
In 1513 at which battle does Henry claim victory in his war against France in? Battle of Spurs
42%
Privy Chamber
42%
What year does Henry declare war on Charles? 1528
41%
What title is Wolsey granted in 1518? Papal Legate
39%
Parliament
38%
Flamboyant event in 1520 noted as the most expensive diplomatic meeting that the European continent had ever seen. "Field of the Cloth of Gold"
37%
What month of 1529 does Cardinal Campeggio break up the annulment court? July
36%
Set of reforms for Henry's court introduced by Wolsey(1526). Eltham Ordinances
33%
Royal Council
32%
Court
31%
In what month of 1527 did the Pope agree to let the annulment case be heard in England? April
30%
Royal Household
28%
What Treaty is signed in 1529? Treaty of Cambrai
27%
Major battle in which Charles stuns the French army by destroying them and capturing Francis(1525). Battle of Pavia
24%
1521 treaty that agrees an alliance between England and Spain Treaty of Bruges
24%
The 1517 Commission of Enquiry investigated into what? Enclosure of land
23%
Treaty in which Henry agreed to give up his claims on France in exchange for an annual payment of £20,000 per a.n Treaty of More
16%
Boleyn Faction
13%
Justices of Peace
12%
Charles V
4%
1527 the Treaty of Westminster formed what? League of Cognack
2%
No matching quizzes found
Score Distribution
Percent of People with Each Score
Percentile by Number Answered
Your Score History
You have not taken this quiz